00858nam a22002777a 45000010005000000030006000050050017000110080041000280200015000690400029000840500008001130820008001211000019001292450042001482500025001902600048002153000042002634900029003055050008003345210029003425210020003716500036003919420015004279990015004429520123004577113FISKH20250624093159.0250624b cb ||||| |||| 00| 0 eng d a0333299755 aFISKHbengcFISKHdFISKH aPZ7 a351 aDugan, Michael aFederal govenment /cBy Michael Dugan aFirst published 1979 aNew York : bThe Macmillan Company, c1979. a22 pages : billustrations ;c21 cm.  aAustralian Fact Finders  aQ 8 a670 bLexile estimate 8 aQ bRaz-Plus  aFederal governmentvNon-fiction 2ddccBKn0 c7113d7113 00102ddc40708NFICa002b002cTTP Oranged2025-06-24l0oDUG PZ7 351pFIS01592r2025-06-24 09:31:56w2025-06-24yBK